Normal view
MARC view
Entry Personal Name
001 - CONTROL NUMBER
- control field: 13924
003 - CONTROL NUMBER IDENTIFIER
- control field: ARRUPE
005 - DATE AND TIME OF LATEST TRANSACTION
- control field: 20150114133724.0
008 - FIXED-LENGTH DATA ELEMENTS
- fixed length control field: 150114|| aca||aabn | a|a d
040 ## - CATALOGING SOURCE
- Original cataloging agency: ARRUPE
- Transcribing agency: ARRUPE
100 ## - HEADING--PERSONAL NAME
- Personal name: Halmos, Paul R.
- Fuller form of name: (Paul Richard),
- Dates associated with a name: 1916-2006.
670 ## - SOURCE DATA FOUND
- Source citation: Work cat.: (ARRUPE)0: Halmos, Paul R. (Paul Richard), 1916-2006., Measure theory, [1974, c1950]